000 02218nam0a2200385 i 4500
001 RU\NLR\BIBL_A\010199575
005 20260408081024.0
010 _a9785970428665
_91500
021 _aRU
_b2013-105700
_97346
035 _a(NILC)RuMoRGB-006720010
035 _a(NLR Aleph) 010199575
090 _a10236467
_c10236467
100 _a20140303d2014 km y0rusy50 ca
101 0 _arus
102 _aRU
105 _aa|||z||||01yy
200 1 _aВакцины и вакцинация
_eнациональное руководство
_eкраткое издание
_fАссоциация мед. о-в по качеству (АСМОК), [Всероссийское науч.-практическое о-во эпидемиологов, микробиологов и паразитологов
_gАксенова Валентина Александровна - чл.-корр. РАЕН, д.м.н., проф. и др.]
_gпод ред. В. В. Зверева, Р. М. Хаитова
210 _aМосква
_cГЭОТАР-Медиа
_d2014
215 _a636 с., [8] л. цв. ил.
_d19
320 _aПредм. указ.: с. 631-636
606 _aВакцины
_jРуководства, пособия и т.п
_9908565
_3RU\NLR\AUTH\6611714
606 1 _aВакцинация
_jРуководства, пособия и т.п
_91578842
_3RU\NLR\AUTH\66692653
675 _a615.374
686 1 _aР266.91я77
686 1 _aР193.95я77
702 1 _aАксенова
_bВ. А.
_gВалентина Александровна
_4220
702 1 _4340
_8rus
_7ca
_aЗверев
_bВ. В.
_f1952-
_cд-р биол. наук
_gВиталий Васильевич
_3RU\NLR\AUTH\7721332
_94394
712 0 2 _4570
_aАссоциация медицинских обществ по качеству
_cРоссийская Федерация
_3RU\NLR\AUTH\8810109849
_9719732
712 0 2 _4570
_aВсероссийское научное общество микробиологов, эпидемиологов и паразитологов
_3RU\NLR\AUTH\8819312
_9311999
801 0 _aRU
_bRuMoRKP
_c20131230
_gRCR
801 2 _aRU
_bРГБ
_c20140120
_grcr
942 _cBOOK
980 _aNBR